BANK MANAGEMENT (Record no. 8321)

MARC details
000 -LEADER
fixed length control field 00250nam a22001097a 4500
005 - DATE AND TIME OF LATEST TRANSACTION
control field 20230609114839.0
008 - FIXED-LENGTH DATA ELEMENTS--GENERAL INFORMATION
fixed length control field 230609b |||||||| |||| 00| 0 eng d
022 ## - INTERNATIONAL STANDARD SERIAL NUMBER
ISSN 9770972691001
245 ## - TITLE STATEMENT
Title BANK MANAGEMENT
260 ## - PUBLICATION, DISTRIBUTION, ETC. (IMPRINT)
Name of publisher IUP PUBLICATION
942 ## - ADDED ENTRY ELEMENTS (KOHA)
Koha item type Journals/Serial
Holdings
Lost status Damaged status Home library Current library Date acquired Source of acquisition Serial Enumeration / chronology Accession Number Koha item type
    JRU Library JRU Library 09/06/2023 PURCHASE VOL-XVIII ISSUE NO.-1 FEB -2019 BM0001 Journals/Serial
    JRU Library JRU Library 09/06/2023 PURCHASE VOL-XVIII ISSUE NO.-3 AUG -2019 BM0002 Journals/Serial
    JRU Library JRU Library 09/06/2023 PURCHASE VOL-XVIII ISSUE NO.-4 NOV -2019 BM0003 Journals/Serial
    JRU Library JRU Library 09/06/2023 PURCHASE VOL-XVIII ISSUE NO.-2 MAY-2019 BM0004 Journals/Serial
    JRU Library JRU Library 09/06/2023 PURCHASE VOL-XIX ISSUE NO.-1 FEB -2020 BM0005 Journals/Serial